01684nkm a22002417a 45000010006000000050017000060070007000230080041000300400024000712450071000952600015001663000052001815000155002335000469003885000211008575000057010686000029011256000050011546510041012046550035012458520012012808560150012928581220260417135419.0kh bo 260416s1885 sp ||||| |||| |0| i|spa d aM-RABAbspacM-RABA01a[Monumento a Antonio Cánovas del Castillo]h[Material gráfico] c[ca. 1885] a1 fotografíab: albúminac: 21,5 x 17,5 cm 00aFotografía que representa uno de los monumentos a Antonia Cánovas del Castillo para la confluencia de las calles Alcalá y Velázquez en Madrid.00aGrabado dentro del relieve escultórico: "Al Exmo. S. D. Antonio Cánovas del Castillo, gobernador y artista supremo que terminó un absurdo expediente de 14 años y abrió la hermosa confluencia de la Calle Alcalá y Velázquez; en testimonio de admiración y gratitud: el Marqués de Zafra". En una de las orlas decorativas: "21 agosto 1885". En dos inscripciones al pie del monumento: "Julio de Saracibar, Arquitecto: proyecto" y "J. Morato, cinceló"00aLa imagen se encuentra en un estado de conservación regular. La albúmina carece de soporte secundario por lo que se encuentra curvada y presenta varios desgarros y dobleces a lo largo de la superficie. 00aFecha tomada de la inscripción del propio relieve.17aSaracíbar, S. Julio de17aCánovas del Castillo, Antonio (d1828-1897) 7aMadrid (Comunidad Autónoma)2embne 7aFotografías de obras de arte jFot-656 uhttps://archivoybiblioteca.realacademiabellasartessanfernando.com/cgi-bin/koha/opac-retrieve-file.pl?id=38b2c99c3b49e29052ea5a2f6c2b13d8yFot-656